Fernao de Magalhais: a sua vida e a sua viagem

Bewaard in:
Bibliografische gegevens
Hoofdauteur: Lagôa, Visconde de (Auteur)
Formaat: Boek
Taal:Portugees
Gepubliceerd in: Lisboa Seara Nova 1938
Onderwerpen:
Tags: Voeg label toe
Geen labels, Wees de eerste die dit record labelt!

MARC

LEADER 00000nam a2200000 a 4500
001 UCH8969
003 CL-VaPUC
008 091217e19380000PO |||||||||||||||||por|d
082 0 4 |a 923.1  |b LAG  |2 21 
100 0 |a Lagôa, Visconde de  |e author  |9 545756 
245 1 0 |a Fernao de Magalhais: a sua vida e a sua viagem 
300 |a t 
942 |c BK 
945 |d 20091217 00:00:00  |a rbrito 
260 |a Lisboa  |b Seara Nova  |c 1938 
600 0 7 |a MAGALLANES, HERNANDO  |2 CL-VaPUC  |9 513964 
650 0 |a Biografías  |9 255210 
650 0 |a Viajes y expediciones   |9 408124 
650 7 |a DESCUBRIMIENTOS  |2 CL-VaPUC  |9 319676 
583 |a last modification  |c 20091217 00:00:00  |k Rodrigo Vera 
999 |c 339048  |d 339046 
952 |0 0  |1 0  |4 0  |6 923_100000000000000_LAG_1938  |7 0  |8 X  |9 432426  |a FDOBUD  |b FDOBUD  |d 2019-11-22  |h t.1  |i 4617606  |o 923.1 LAG 1938  |p 4617606  |r 2019-11-22  |w 2019-11-22  |y BK_X  |k BUD 
952 |0 0  |1 0  |4 0  |6 923_100000000000000_LAG_1938  |7 0  |8 X  |9 432427  |a FDOBUD  |b FDOBUD  |d 2019-11-22  |h t.2  |i 4617614  |o 923.1 LAG 1938  |p 4617614  |r 2019-11-22  |w 2019-11-22  |y BK_X  |k BUD